[Event "GER-chT North U12"]
[Site "Magdeburg"]
[Date "2014.09.11"]
[Round "2.3"]
[White "Sauer, Joris"]
[Black "Schulz, Maximilian"]
[Result "1-0"]
[WhiteElo "1211"]
[BlackElo "1050"]
[PlyCount "29"]
[EventDate "2014.09.11"]
[EventType "team-swiss"]
[EventRounds "7"]
[EventCountry "GER"]
[SourceTitle "EXT 2016"]
[Source "ChessBase"]
[SourceDate "2015.10.08"]
[SourceVersion "1"]
[SourceVersionDate "2015.10.08"]
[SourceQuality "1"]
[WhiteTeam "Bemerode"]
[BlackTeam "Gross Schoenebeck"]
[WhiteTeamCountry "GER"]
[BlackTeamCountry "GER"]

1. e4 e5 2. Bc4 Nf6 3. Nc3 Nc6 4. Nf3 h6 5. d3 Bc5 6. 0-0 Ng4 7. Qe2 Nxf2 8. Rxf2 Bxf2+ 9. Qxf2 0-0 10. Qg3 Qf6 11. Nd5 Qd6 12. Nh4 Nd4 13. Qg4 Nxc2 14. Nf5 h5 15. Qxg7# 1-0

[Event "GER-chT North U12"]
[Site "Magdeburg"]
[Date "2012.09.07"]
[Round "4.4"]
[White "Schulz, Maximilian"]
[Black "Lesch, Jascha"]
[Result "1-0"]
[WhiteElo "781"]
[BlackElo "845"]
[PlyCount "79"]
[EventDate "2012.09.06"]
[EventType "team-swiss"]
[EventRounds "7"]
[EventCountry "GER"]
[SourceTitle "EXT 2015"]
[Source "ChessBase"]
[SourceDate "2014.11.20"]
[SourceVersion "1"]
[SourceVersionDate "2014.11.20"]
[SourceQuality "1"]
[WhiteTeam "Schoenebeck Gross"]
[BlackTeam "Bremen West"]
[WhiteTeamCountry "GER"]
[BlackTeamCountry "GER"]

1. e4 e5 2. Nf3 Nc6 3. d4 Nf6 4. Bg5 Bd6 5. d5 h6 6. Bxf6 Qxf6 7. dxc6 dxc6 8. Be2 Be6 9. 0-0 0-0-0 10. c4 Ba3 11. Qb3 Bc5 12. Nc3 Bd6 13. Na4 Qg6 14. Bd3 Bh3 15. Ne1 Rd7 16. c5 Be6 17. Bc4 Be7 18. Bxe6 fxe6 19. Rd1 Rxd1 20. Qxd1 Qxe4 21. f3 Qe3+ 22. Rf2 Bxc5 23. Nxc5 Qxc5 24. Nd3 Qd4 25. Qb3 Rd8 26. Qxe6+ Kb8 27. Ne1 Qe3 28. Kf1 a6 29. Re2 Qc1 30. Qxe5 Qc4 31. b3 Qd5 32. Qxg7 Qh5 33. Re7 Qb5+ 34. Re2 Rd2 35. Qe5 Rd5 36. Qe4 Re5 37. Qxe5 Qxe5 38. Rxe5 Kc8 39. f4 Kd7 40. Kf2 1-0